AP Spanish Lit eras - Statistics

General Stats
  • This quiz has been taken 114 times
  • The average score is 11 of 20
Answer Stats
Obra Época % Correct
San Manuel Bueno, mártir Generación del 98
88%
Don Quijote Barroco
78%
Balada de los dos abuelos Vanguardismo
78%
Chac Mool Boom
70%
Borges y yo Boom
67%
El burlador de Sevilla y convidado de piedra Barroco
64%
La noche boca arriba Boom
64%
El ahogado más hermoso del mundo Boom
64%
Lazarillo de Tormes Renacimiento
64%
El Sur Boom
62%
Las medias rojas Naturalismo
62%
Salmo XVII ("Miré los muros de la patria mía") Barroco
60%
Hombres necios que acusáis Barroco
60%
Volverán las oscuras golondrinas Romanticismo
60%
Soneto CLXVI ("Mientras por competir con tu cabello") Barroco
58%
A Roosevelt Modernismo
57%
La siesta del martes Boom
56%
Nuestra América Modernismo
56%
Romance de la pérdida de Alhama Renacimiento
56%
Prendimiento de Antoñito el Camborio en el camino de Sevilla Vanguardismo
56%
A Julia de Burgos Vanguardismo
56%
No oyes ladrar los perros Boom
50%
Conde Lucanor Edad Media
50%
Como la vida misma Literatura femenina contemporánea
50%
El hijo Modernismo
50%
Segunda carta de relación Renacimiento
50%
Visión de los vencidos Renacimiento
50%
En una tempestad Romanticismo
50%
La casa de Bernarda Alba Vanguardismo
50%
He andado muchos caminos Generación del 98
45%
Mujer negra Literatura femenina contemporánea
45%
...y no se lo tragó la tierra Literatura hispana en EEUU
44%
Soneto XXIII ("En tanto que de rosa y azucena") Renacimiento
42%
Mi caballo mago Literatura hispana en EEUU
40%
Walking around Vanguardismo
38%
El hombre que se convirtió en perro Boom
36%
Dos palabras Literatura femenina contemporánea
30%
Peso ancestral Modernismo
20%
No matching quizzes found
Score Distribution
Percent of People with Each Score
Percentile by Number Answered
Your Score History
You have not taken this quiz